000 00387nam a2200121Ia 4500
008 160609s9999 xx 000 0 und d
100 _aReid, James.
245 _aSafeguarding and Protecting Children in the Early Years
245 _cBy:James Reid, Steven Burton
260 _c2013
650 _xCHILD & ADOLESCENT DEVELOPMENT
856 _uhttp://file.ebook777.com/017/9780415527507.pdf
999 _c295913
_d295913